[Event "MEX-ch U26 (Women)"]
[Site "Puebla"]
[Date "2014.04.29"]
[Round "5.3"]
[White "Duran Juarez, Citlali"]
[Black "Aguilar Austria, Silja"]
[Result "1-0"]
[WhiteElo "1976"]
[BlackElo "1770"]
[PlyCount "123"]
[EventDate "2014.04.28"]
[EventType "swiss"]
[EventRounds "6"]
[EventCountry "MEX"]
[SourceTitle "CBM 160 Extra"]
[Source "ChessBase"]
[SourceDate "2014.07.01"]
[SourceVersion "1"]
[SourceVersionDate "2014.07.01"]
[SourceQuality "1"]

1. e4 e6 2. d4 d5 3. Nc3 Nf6 4. e5 Nfd7 5. f4 c5 6. Nf3 Nc6 7. Be3 a6 8. Qd2 Be7 9. dxc5 Nxc5 10. Nd4 Bd7 11. Be2 0-0 12. 0-0 f6 13. exf6 Rxf6 14. Bf3 Qc7 15. Nce2 Bd6 16. g3 Raf8 17. Rae1 Na4 18. c3 Nb6 19. Nxc6 Bxc6 20. Bxb6 Qxb6+ 21. Kh1 Bb5 22. Bg2 Rh6 23. a4 Bxa4 24. Nd4 Bd7 25. Rf2 Rff6 26. Rfe2 Bc5 27. Re5 Bxd4 28. cxd4 Rf8 29. Rc1 Rhf6 30. Re3 Rc8 31. Rxc8+ Bxc8 32. Bh3 Rf8 33. Bg4 Bd7 34. Rc3 Qb5 35. Be2 Qb4 36. Qe3 Qxb2 37. Rc7 Qa1+ 38. Kg2 Qa4 39. Bg4 Re8 40. Rxb7 Qc2+ 41. Qe2 Qxe2+ 42. Bxe2 Bc8 43. Ra7 a5 44. Rxa5 Re7 45. Ra8 Rc7 46. Ba6 Rc2+ 47. Kf3 Rc3+ 48. Ke2 Ra3 49. Rxc8+ Kf7 50. Rc7+ Kf6 51. Bc8 Ra2+ 52. Kd3 Rxh2 53. Rc6 Rg2 54. Rxe6+ Kf7 55. Re3 Ra2 56. Be6+ Kf6 57. Bxd5 Ra3+ 58. Ke4 Ra1 59. Bb3 h6 60. d5 Ra6 61. Kd4 Kf5 62. Re6 1-0

[Event "MEX-ch U26 (Women)"]
[Site "Puebla"]
[Date "2014.04.28"]
[Round "3.1"]
[White "Garcia Morales, Ivette Alejandra"]
[Black "Aguilar Austria, Silja"]
[Result "1-0"]
[WhiteElo "2118"]
[BlackElo "1770"]
[PlyCount "109"]
[EventDate "2014.04.28"]
[EventType "swiss"]
[EventRounds "6"]
[EventCountry "MEX"]
[SourceTitle "CBM 160 Extra"]
[Source "ChessBase"]
[SourceDate "2014.07.01"]
[SourceVersion "1"]
[SourceVersionDate "2014.07.01"]
[SourceQuality "1"]

1. Nf3 Nf6 2. g3 g6 3. Bg2 Bg7 4. 0-0 d5 5. d4 0-0 6. c4 dxc4 7. Ne5 c6 8. Nxc4 Be6 9. Qd3 Nbd7 10. Rd1 Rc8 11. e4 b5 12. Ne3 Nb6 13. Nc3 Bd7 14. b4 Qc7 15. Bb2 Rfd8 16. Rac1 Ng4 17. Nxb5 Qb8 18. Nc3 Nxe3 19. fxe3 Bg4 20. Rd2 Be6 21. a3 Nc4 22. Rf2 a5 23. Nd1 axb4 24. Rxc4 bxa3 25. Bxa3 Bxc4 26. Qxc4 e6 27. Nc3 Rd7 28. e5 Ra7 29. Bd6 Ra1+ 30. Bf1 Qb7 31. Ne4 Bh6 32. Nf6+ Kg7 33. Ng4 Bg5 34. Qc3 Rb1 35. h4 Be7 36. Bxe7 Qxe7 37. Qd3 Ra1 38. Qe2 h6 39. Qf3 Rh8 40. Nf6 Ra4 41. Kh2 c5 42. Bb5 Rb4 43. Bd3 c4 44. Bc2 c3 45. Qg4 g5 46. hxg5 hxg5+ 47. Kg2 Kf8 48. Qxg5 Qb7+ 49. Be4 Qc8 50. Nh5 Rg8 51. Qh6+ Ke8 52. Nf6+ Kd8 53. Nxg8 Qd7 54. Qf8+ Kc7 55. Qxb4 1-0